| 000 | 00766nam a22002177a 4500 | ||
|---|---|---|---|
| 003 | LK-CoMWRAF | ||
| 005 | 20240118120134.0 | ||
| 008 | 231224b1985 |||||||| |||| 00| 0 eng d | ||
| 040 |
_aLK-CoMWRAF _dLK-CoMWRAF _eLK-CoMWRAF |
||
| 041 | _aeng | ||
| 082 |
_a361.74 _bFER |
||
| 100 | _aFernando, Vijita | ||
| 245 |
_aDevelopment consortia in Sri Lanka : _ba critical examination of NGOs and NGO umbrella organisations |
||
| 260 |
_aColombo: _bNGO Water Supply and Sanitation Decade Service, _c1985 |
||
| 300 | _av, 73 p. : map ; 23 cm. | ||
| 650 | _aCommunity development--Sri Lanka | ||
| 650 | _a Volunteer workers in community development--Sri Lanka | ||
| 650 | _aVolunteer workers in social service--Sri Lanka. | ||
| 700 | _a De Mel, J. Henry | ||
| 942 | _cBK | ||
| 999 |
_c4552 _d4552 |
||